000 01235nam a22002537a 4500
005 20170124102945.0
010 _aB-151083
020 _c400.00
_a812140181
035 _aB-151083
037 _bCen Lib/Ret
040 _aDPL
_bHN
082 _a824
_bअज्ञेय
100 _aअज्ञेय, सचिदानन्द हीरानन्द वात्स्यायन
_949747
245 _aसर्जना और सन्दर्भ /
_cसचिदानन्द हीरानन्द वात्स्यायन अज्ञेय
246 _aSarjna aur sandarbh /
_bby Sachidanand Hiranand Vatsyayan Agyeya
260 _aनयी दिल्ली
_bनेशनल पब्लिशिंग हाउस
_c2004
270 _bनयी दिल्ली
_a2/35, अंसारी रोड, दरिया गंज
_e110002
300 _aviii, 377 पृ.
_c21सेमी (सजिल्द)
650 _aहिन्दी साहित्य
_9117908
650 _aसाहित्यिक समस्याएं
_9717
650 _aHindi literature
_9117909
650 _aLiterary Problems
_949750
942 _2ddc
_cHN
_h824
_mअज्ञेय
999 _c112921
_d112921